Responses for show #7642 - Tuesday, November 28, 2017

Contestants

Matt Preston, an assets protection leader from Harvest, Alabama

Amanda Barlau, a stay-at-home mom from Seymour, Indiana

Marcus Gresham, a WRAP facilitator from Corydon, Indiana (whose 2-day cash winnings total $46,802)

Jeopardy! Round responses

PICK A PLANET
EMMY-WINNING WOMEN
TIME TO SAY GOODBYE
COLD PLACES
TRANSPORTATION
ON THE "GO"
    $200 11
(Amanda: What is Mars?)

Mercury

Amanda
Triple Stumper
    $200 26
Tina Fey

Matt
    $200 15
Ringling Bros. Circus (Barnum & Bailey)

Matt
    $200 1
Antarctica

Matt
    $200 21
the Tube

Amanda
    $200 6
vertigo

Matt
    $400 12
(Matt: What is... Saturn?)
(Amanda: What is Uranus?)

Neptune

AmandaMatt
Triple Stumper
    $400 27
Modern Family

Amanda
    $400 17
Riviera

Marcus
    $400 2
Fargo

Matt
    $400 22
a jet-ski

Marcus
    $400 7
fandango

Amanda
    $600 13
(Marcus: What's Venus?)

Mars

MarcusAmanda
    $600 28
Julia Louis-Dreyfus

Matt
    $600 18
Jerry Orbach

Triple Stumper
    $600 3
Greenland

Matt
    $600 23
a Mustang

Amanda
    $600 8
Winnebago

Amanda
    $800 14
Jupiter

Marcus
    $800 29
Two and a Half Men

Matt
    $800 19
Three Mile Island

Marcus
    $800 4
the Yukon

Amanda
    $1,000 24
(Alex: In Venice.)

gondolas

Amanda
    $800 9
lumbago

Marcus
    $1000 16
Venus

Amanda
    $1000 30
(Edie) Falco

Matt
    $1000 20
Chicago

Marcus
    $1000 5
Idaho

Amanda
    $1000 25
Bay Area

Amanda
    $1000 10
hasta luego

Matt

Scores at the first commercial break (after clue 15):

Marcus Amanda Matt
$1,000 $2,800 $2,200

Scores at the end of the Jeopardy! Round:

Marcus Amanda Matt
$3,600 $7,000 $4,800

Double Jeopardy! Round responses

KNOTTY BY NATURE
LITERATURE
ONOMATOPOEIA
FRENCH HISTORY
TWO-DIMENSIONAL PEOPLE
MADE IN THE USA
    $400 1
port

Triple Stumper
    $400 26
Invisible Man

Amanda
    $400 11
creaking

Matt
    $400 21
de Gaulle

Amanda
    $400 16
Schroeder

Marcus
    $400 6
a chainsaw

Marcus
    $800 2
artichokes

Triple Stumper
    $800 27
Edwin Drood

Marcus
    $800 12
tinkle

Amanda
    $800 22
the English Channel

Amanda
    $800 17
Betty

Triple Stumper
    $800 7
Minnesota

Matt
    $1200 3
Tierra del Fuego

Marcus
    $2,000 28
Deliverance

Marcus
    $1200 13
swish

Matt
    $1200 23
the Jacobins

Triple Stumper
    $1200 18
Olive Oyl

Marcus
    $1200 8
Tennessee

Marcus
    $1600 4
plums

Triple Stumper
    $1600 29
"Howl"

Triple Stumper
    $1600 14
a twang

Matt
    $1,000 24
Alsace and Lorraine

Amanda
    $1600 19
Black Panther

Marcus
    $1600 9
Igloo

Matt
    $2000 5
the boysenberry

Triple Stumper
    $2000 30
Olive Kitteridge

Triple Stumper
    $2000 15
Tik-Tok

Triple Stumper
    $2000 25
the National Front

Triple Stumper
    $2000 20
Bloom County

Marcus
    $2000 10
Indiana

Amanda

Scores at the end of the Double Jeopardy! Round:

Marcus Amanda Matt
$14,400 $12,400 $10,400

[wagering suggestions for these scores]

Final Jeopardy! Round responses

VIDEO GAMES
(Alex: One of the slogans of this game is "Gotta catch 'em all!")
MattWhat is Pokemon?
$10,399
AmandaWhat is Splat?
$6,000
MarcusWhat is Centipede?
$10,001
Pokémon

Final scores:

Marcus Amanda Matt
$4,399 $6,400 $20,799
3rd place: $1,000 2nd place: $2,000 New champion: $20,799

Game dynamics:

Coryat scores:

Marcus Amanda Matt
$13,600 $12,800 $10,400
15 R
(including 1 DD),
1 W
17 R
(including 2 DDs),
2 W
15 R,
1 W

Combined Coryat: $36,800

The J! Archive is created by fans, for fans. The Jeopardy! game show and all elements thereof, including but not limited to copyright and trademark thereto, are the property of Jeopardy Productions, Inc. and are protected under law. This website is not affiliated with, sponsored by, or operated by Jeopardy Productions, Inc. Join the discussion at JBoard.tv.